Best cities to live in the world 2025 - Statistics

General Stats
  • This quiz has been taken 57 times
  • The average score is 27 of 50
Answer Stats
Ranking City Country % Correct
12º Amsterdam Netherlands
94%
29º Melbourne Australia
87%
Bern Switzerland
85%
11º Copenhagen Denmark
85%
Luxembourg Luxembourg
85%
10º Rotterdam Netherlands
85%
13º Vienna Austria
85%
14º Helsinki Finland
83%
23º Perth Australia
81%
21º Zurich Switzerland
79%
20º Geneva Switzerland
77%
22º Brisbane Australia
75%
44º Munich Germany
72%
19º Frankfurt Germany
70%
35º Reykjavik Iceland
70%
The Hague Netherlands
70%
36º Wellington New Zealand
70%
25º Adelaide Australia
68%
33º Muscat Oman
68%
18º Bergen Norway
60%
26º Canberra Australia
60%
41º Seattle United States
58%
17º Gothenburg Sweden
57%
Valencia Spain
57%
38º Portland United States
55%
Utrecht Netherlands
55%
Basel Switzerland
53%
37º Christchurch New Zealand
53%
16º Lausanne Switzerland
53%
49º Dallas United States
51%
32º Edinburgh United Kingdom
51%
45º Austin United States
47%
47º Liverpool United Kingdom
45%
50º Tampa United States
43%
42º Dusseldorf Germany
40%
15º Trondheim Norway
40%
Groningen Netherlands
38%
27º Nuremberg Germany
38%
Eindhoven Netherlands
36%
39º Newcastle United Kingdom
34%
34º Cincinnati United States
32%
43º San Antonio United States
32%
24º Raleigh United States
26%
40º Saint Louis United States
26%
48º Jacksonville United States
23%
30º Kansas City United States
23%
Stavanger Norway
23%
31º Omaha United States
19%
28º Madison United States
17%
46º Spokane United States
13%
No matching quizzes found
Score Distribution
Percent of People with Each Score
Percentile by Number Answered
Your Score History
You have not taken this quiz